Queen - Keep Yourself Alive - Lyrics - Statistics

General Stats
  • This quiz has been taken 55 times
  • The average score is 239 of 333
Answer Stats
Lyrics % Correct
a
100%
you
100%
I
95%
your
95%
alive,
91%
alive.
91%
Keep
91%
keep
91%
yourself
91%
in
86%
my
86%
the
86%
to
84%
be
82%
then
80%
and
77%
And
77%
Do
77%
No,
77%
all
75%
All
75%
day.
75%
day?
75%
time
75%
was
75%
way.
75%
Way.
75%
ev'ry
73%
million
73%
told
70%
where
70%
better
68%
times
68%
when
68%
little
66%
miles,
66%
on
66%
people
66%
people,
66%
But
64%
if
64%
just
64%
of
64%
rivers
64%
crossed
61%
think
61%
troubles
61%
are
59%
are.
59%
grow
59%
me
59%
wiser,
59%
for
57%
started.
57%
I'd
55%
rode
55%
still
55%
you're
55%
any
52%
I'll
52%
I'm
52%
never
52%
satisfied.
52%
satisfied,
52%
will
52%
get
50%
money,
50%
money
50%
saw
50%
Take
50%
take
50%
tell
50%
you'll
50%
as
48%
face
48%
need
48%
say
48%
superstar.
48%
they
48%
smile.
45%
telling
45%
that
45%
Well
45%
Bread
43%
butter
43%
grave.
43%
had
43%
shop
43%
Stay
43%
survive.
43%
trying
43%
two
43%
women
43%
can
41%
Give
41%
honey
41%
loved
41%
mirrors
41%
Now
41%
right
41%
window
41%
body
39%
folks
39%
nearer
39%
sold
39%
soul
39%
steps
39%
Alley
36%
dinners
36%
ev'rything
36%
he
36%
belladonic
34%
brought
34%
feed
34%
goal.
34%
haze.
34%
How
34%
Might
34%
Same
34%
ate
32%
bigger,
32%
maybe
32%
silver
32%
trays.
32%
ev'ry
14%
more
11%
No matching quizzes found
Score Distribution
Percent of People with Each Score
Percentile by Number Answered
Your Score History
You have not taken this quiz